Cézanne: lo que vi y lo que me dijo
में बचाया:
| मुख्य लेखक: | |
|---|---|
| स्वरूप: | पुस्तक |
| भाषा: | स्पेनिश |
| प्रकाशित: |
Madrid
Gadir
2009
|
| श्रृंखला: | Pequeña Biblioteca Gadir
|
| विषय: | |
| टैग: |
टैग जोड़ें
कोई टैग नहीं, इस रिकॉर्ड को टैग करने वाले पहले व्यक्ति बनें!
|
MARC
| LEADER | 00000cam a2200000 a 4500 | ||
|---|---|---|---|
| 001 | UCF1126 | ||
| 003 | CL-VaPUC | ||
| 008 | 120621e20090000SP |||||||||||||||||spa|d | ||
| 020 | |a 9788496974395 | ||
| 082 | 0 | 4 | |a 709.0344 |b GAS |2 21 |
| 100 | |a Gasquet, Joachim |e autor |9 562786 | ||
| 245 | 1 | 0 | |a Cézanne: lo que vi y lo que me dijo |
| 300 | |a 264 p | ||
| 942 | |c BK | ||
| 945 | |d 20120621 00:00:00 |a dcastane | ||
| 260 | |a Madrid |b Gadir |c 2009 | ||
| 600 | 0 | |a Cézanne, Paul |d 1839-1906 |9 545432 | |
| 650 | 7 | |a IMPRESIONISMO |2 CL-VaPUC |9 324638 | |
| 650 | 0 | |a Pintores franceses |9 340354 | |
| 650 | 7 | |a PINTURAS FRANCESAS |2 CL-VaPUC |9 562787 | |
| 650 | 0 | |a Historia del arte |9 314877 | |
| 650 | 0 | |a Biografías |9 255210 | |
| 583 | |a last modification |c 20120621 10:53:00 |k Rodrigo Vera | ||
| 490 | 0 | |a Pequeña Biblioteca Gadir | |
| 999 | |c 348095 |d 348093 | ||
| 952 | |0 0 |1 0 |4 0 |6 709_034400000000000_GAS_2009 |7 0 |8 A |9 449970 |a BIBART |b BIBART |d 2019-11-22 |i 4876342 |l 1 |o 709.0344 GAS 2009 |p 4876342 |r 2025-03-13 |s 2023-11-23 |w 2019-11-22 |y BK |k ART | ||